[Event "Catalunya-chT Gp1"]
[Site "Barcelona"]
[Date "2017.02.11"]
[Round "4.6"]
[White "Povill Claros, Xavier"]
[Black "Parramon Ros, Francesco"]
[Result "1-0"]
[WhiteElo "2191"]
[BlackElo "2093"]
[PlyCount "77"]
[EventDate "2017.01.21"]
[EventType "team-tourn"]
[EventRounds "7"]
[EventCountry "ESP"]
[SourceTitle "CBM 176 Extra"]
[Source "ChessBase"]
[SourceDate "2017.03.02"]
[SourceVersion "1"]
[SourceVersionDate "2017.03.02"]
[SourceQuality "1"]
[WhiteTeam "Peona I Peo"]
[BlackTeam "Gerunda"]
[WhiteTeamCountry "ESP"]
[BlackTeamCountry "ESP"]

1. e4 c6 2. d4 d5 3. Nd2 dxe4 4. Nxe4 Nf6 5. Nxf6+ gxf6 6. Nf3 Bg4 7. Be2 e6 8. c3 Qc7 9. h3 Bh5 10. Nh4 Bxe2 11. Qxe2 Nd7 12. Be3 Nb6 13. 0-0 Nd5 14. Bd2 0-0-0 15. Qf3 Rg8 16. c4 Nb6 17. Bf4 e5 18. dxe5 fxe5 19. Be3 Nxc4 20. Bxa7 Nd2 21. Qf5+ Qd7 22. Rfd1 Qxf5 23. Nxf5 Nf3+ 24. Kf1 Nd4 25. Nxd4 exd4 26. Bxd4 Bg7 27. Bxg7 Rxg7 28. Rxd8+ Kxd8 29. Rd1+ Ke7 30. g3 Rg5 31. b3 Rc5 32. Ke2 Rc3 33. Rd4 Kf6 34. Rc4 Rxc4 35. bxc4 Ke5 36. Ke3 c5 37. f4+ Ke6 38. g4 h6 39. Ke4 1-0

[Event "Barcelona Sants op-A18th"]
[Site "Barcelona"]
[Date "2016.08.25"]
[Round "7"]
[White "Povill Claros, Xavier"]
[Black "Guichard, Pauline"]
[Result "0-1"]
[WhiteElo "2194"]
[BlackElo "2353"]
[PlyCount "60"]
[EventDate "2016.08.19"]
[EventType "swiss"]
[EventRounds "10"]
[EventCountry "ESP"]
[SourceTitle "CBM 174 Extra"]
[Source "ChessBase"]
[SourceDate "2016.10.10"]
[SourceVersion "1"]
[SourceVersionDate "2016.10.10"]
[SourceQuality "1"]

1. e4 e5 2. Nf3 Nc6 3. d4 exd4 4. Nxd4 g6 5. Be3 Bg7 6. Nxc6 bxc6 7. Bd4 Nf6 8. e5 Qe7 9. Qe2 Nd5 10. c4 c5 11. cxd5 cxd4 12. d6 cxd6 13. exd6 Qxe2+ 14. Bxe2 d3 15. Bf3 Rb8 16. Nd2 Rxb2 17. Rc1 0-0 18. Nc4 Bh6 19. Rd1 d2+ 20. Kf1 Rxa2 21. Kg1 Re8 22. h4 Re1+ 23. Kh2 Ra4 24. Bd5 Ba6 25. Rhxe1 dxe1Q 26. Rxe1 Bxc4 27. Re4 Bb5 28. Re7 Rxh4+ 29. Kg3 Rf4 30. Re8+ Kg7 0-1

[Event "La Pobla de Lillet op 26th"]
[Site "La Pobla de Lillet"]
[Date "2016.08.02"]
[Round "1.7"]
[White "Vargas Drechsler, Carlos"]
[Black "Povill Claros, Xavier"]
[Result "0-1"]
[WhiteElo "1925"]
[BlackElo "2194"]
[PlyCount "54"]
[EventDate "2016.08.02"]
[EventType "swiss"]
[EventRounds "9"]
[EventCountry "ESP"]
[SourceTitle "EXT 2024"]
[Source "ChessBase"]
[SourceDate "2023.10.10"]
[SourceVersion "1"]
[SourceVersionDate "2023.10.10"]
[SourceQuality "1"]

1. e4 c5 2. Nf3 e6 3. d4 cxd4 4. Nxd4 a6 5. Nc3 Qc7 6. Be3 Nf6 7. Qd2 Bb4 8. Bd3 d5 9. f3 e5 10. 0-0 exd4 11. Bxd4 Bc5 12. Bxc5 Qxc5+ 13. Kh1 dxe4 14. Rae1 0-0 15. fxe4 Nc6 16. Rxf6 gxf6 17. Nd5 Kh8 18. Qh6 Rg8 19. e5 f5 20. Nf6 Rg7 21. g4 Nxe5 22. Re3 Qc6+ 23. Be4 fxe4 24. Rh3 e3+ 25. Kg1 Rxg4+ 26. Rg3 Rxg3+ 27. hxg3 Bf5 0-1

[Event "ESP-ch U16"]
[Site "Granada"]
[Date "2016.07.22"]
[Round "8"]
[White "Povill Claros, Xavier"]
[Black "Orantes Taboada, Francisco"]
[Result "1-0"]
[WhiteElo "2122"]
[BlackElo "2242"]
[PlyCount "75"]
[EventDate "2016.07.18"]
[EventType "swiss"]
[EventRounds "9"]
[EventCountry "ESP"]
[SourceTitle "EXT 2024"]
[Source "ChessBase"]
[SourceDate "2023.10.10"]
[SourceVersion "1"]
[SourceVersionDate "2023.10.10"]
[SourceQuality "1"]

1. d4 Nf6 2. c4 c5 3. d5 b5 4. Nf3 g6 5. cxb5 a6 6. b6 Bg7 7. Nc3 0-0 8. e4 d6 9. a4 Qxb6 10. Nd2 Nbd7 11. a5 Qc7 12. Nc4 Bb7 13. Be2 Rfe8 14. 0-0 e6 15. Bf4 exd5 16. Bxd6 Qc6 17. exd5 Nxd5 18. Bf3 N7f6 19. Be5 Rad8 20. Bxf6 Qxf6 21. Nxd5 Qg5 22. Ncb6 Bxb2 23. Ra2 Bd4 24. Qc1 Qf5 25. Nf6+ Bxf6 26. Bxb7 Qd3 27. Qc4 Qd6 28. Qxa6 Be5 29. g3 Bd4 30. Nc4 Qe7 31. Bg2 Qg5 32. Qb7 h5 33. Qf3 Re6 34. Qf4 Qe7 35. a6 Rf6 36. Qe4 Re6 37. Qb7 Rd7 38. a7 1-0

[Event "ESP-ch U16"]
[Site "Granada"]
[Date "2016.07.19"]
[Round "3"]
[White "Elguezabal Selioutin, Dario"]
[Black "Povill Claros, Xavier"]
[Result "0-1"]
[WhiteElo "1840"]
[BlackElo "2122"]
[PlyCount "60"]
[EventDate "2016.07.18"]
[EventType "swiss"]
[EventRounds "9"]
[EventCountry "ESP"]
[SourceTitle "EXT 2024"]
[Source "ChessBase"]
[SourceDate "2023.10.10"]
[SourceVersion "1"]
[SourceVersionDate "2023.10.10"]
[SourceQuality "1"]

1. d4 Nf6 2. c4 d6 3. Nf3 g6 4. Bf4 Nbd7 5. e3 Nh5 6. Bg5 h6 7. Bh4 g5 8. Nfd2 Ng7 9. Bg3 Nf5 10. Bd3 Nxg3 11. hxg3 Bg7 12. Nc3 e6 13. Qc2 Qe7 14. a3 a6 15. b4 f5 16. f4 Nf6 17. 0-0-0 Ng4 18. Rde1 0-0 19. Rhf1 c5 20. Nf3 Nxe3 21. Rxe3 cxd4 22. Nd5 Qd8 23. Re2 exd5 24. cxd5 g4 25. Ne1 Bd7 26. Qb3 Rc8+ 27. Rc2 Qe8 28. Rxc8 Qe3+ 29. Kb2 Rxc8 30. Nc2 Qd2 0-1

[Event "Barbera del Valles op 39th"]
[Site "Barbera del Valles"]
[Date "2016.07.10"]
[Round "7"]
[White "Povill Claros, Xavier"]
[Black "Tuomainen, Felix"]
[Result "1-0"]
[WhiteElo "2122"]
[BlackElo "2255"]
[PlyCount "111"]
[EventDate "2016.07.04"]
[EventType "swiss"]
[EventRounds "9"]
[EventCountry "ESP"]
[SourceTitle "EXT 2017"]
[Source "ChessBase"]
[SourceDate "2016.10.25"]
[SourceVersion "1"]
[SourceVersionDate "2016.10.25"]
[SourceQuality "1"]

1. d4 Nf6 2. Bg5 d5 3. Bxf6 exf6 4. e3 f5 5. g3 g6 6. Bg2 Bg7 7. Ne2 0-0 8. 0-0 c6 9. c4 dxc4 10. Na3 c5 11. Nxc4 Nc6 12. dxc5 Qf6 13. Nf4 Be6 14. Nxe6 Qxe6 15. Qd5 Qe7 16. Qd6 Qe8 17. Rad1 Rd8 18. Qc7 Qe6 19. b3 Rb8 20. Rd6 Qc8 21. Rd7 Qxc7 22. Rxc7 Rfc8 23. Rxc8+ Rxc8 24. Nd6 Rc7 25. Ne8 Rd7 26. Nxg7 Kxg7 27. Bxc6 bxc6 28. b4 Rd2 29. Rc1 Rb2 30. a3 Rb3 31. Rc4 Rxa3 32. b5 Rb3 33. bxc6 Rb8 34. Ra4 Rc8 35. Rxa7 Rxc6 36. Ra5 Kf6 37. Kg2 Ke5 38. Kf3 Rc7 39. h4 Kd5 40. Kf4 f6 41. Ra6 Rf7 42. Ra5 Rc7 43. h5 Rxc5 44. Ra7 Ke6 45. Rxh7 g5+ 46. Kf3 Rc1 47. Kg2 f4 48. exf4 gxf4 49. g4 f5 50. g5 f3+ 51. Kxf3 Rg1 52. Rg7 Rh1 53. h6 Rh4 54. h7 f4 55. g6 Kf6 56. Rg8 1-0

[Event "Barbera del Valles op 39th"]
[Site "Barbera del Valles"]
[Date "2016.07.06"]
[Round "3"]
[White "Meneses Gonzalez, Kevin Moises"]
[Black "Povill Claros, Xavier"]
[Result "0-1"]
[WhiteElo "2379"]
[BlackElo "2122"]
[PlyCount "156"]
[EventDate "2016.07.04"]
[EventType "swiss"]
[EventRounds "9"]
[EventCountry "ESP"]
[SourceTitle "EXT 2017"]
[Source "ChessBase"]
[SourceDate "2016.10.25"]
[SourceVersion "1"]
[SourceVersionDate "2016.10.25"]
[SourceQuality "1"]

1. Nf3 Nf6 2. c4 b6 3. g3 Bb7 4. Bg2 e6 5. 0-0 Be7 6. Nc3 0-0 7. d4 Ne4 8. Nxe4 Bxe4 9. b3 Bf6 10. Bb2 c5 11. Qd2 Nc6 12. dxc5 Bxb2 13. Qxb2 bxc5 14. Rfd1 Qc7 15. Rd2 Rfd8 16. Rad1 d6 17. Ng5 Bxg2 18. Kxg2 h6 19. Ne4 Nd4 20. e3 Nf5 21. Kg1 Qe7 22. Qc2 Rac8 23. Nc3 a6 24. Rd3 Rc6 25. Qe2 Qc7 26. Ne4 Ne7 27. Nc3 Nf5 28. Qf3 Ne7 29. Qe2 Nf5 30. R1d2 Kf8 31. Qd1 Ne7 32. Ne4 Nc8 33. h4 Qe7 34. Qf3 Qc7 35. Qf4 Kg8 36. g4 Qe7 37. g5 hxg5 38. hxg5 Kf8 39. Qh4 Ke8 40. Qh8+ Qf8 41. Qh5 Kd7 42. Kf1 Kc7 43. Ke2 Ne7 44. a3 Nf5 45. g6 f6 46. Rd1 Qh8 47. Rh1 Qxh5+ 48. Rxh5 Rb6 49. Rh7 Kc6 50. Nd2 Rb7 51. Rh1 Ne7 52. Rg1 Rh8 53. e4 Rh6 54. Rdg3 Kc7 55. Kf1 Rb8 56. f4 Rh2 57. R3g2 Rbh8 58. Nf3 Rxg2 59. Rxg2 Rh6 60. e5 dxe5 61. fxe5 Rxg6 62. Re2 f5 63. Rd2 Nc6 64. Kf2 Rg4 65. Rd6 Rf4 66. Rxe6 Rxf3+ 67. Kxf3 Nd4+ 68. Kf4 Nxe6+ 69. Kxf5 Kd7 70. b4 cxb4 71. axb4 Ke7 72. Ke4 Nc7 73. Kf5 Kf7 74. b5 axb5 75. cxb5 Nxb5 76. e6+ Kf8 77. Kg6 Nc7 78. e7+ Kg8 0-1

[Event "Barbera del Valles op 39th"]
[Site "Barbera del Valles"]
[Date "2016.07.05"]
[Round "2"]
[White "Povill Claros, Xavier"]
[Black "Raghunandan, Kaumandur Srihari"]
[Result "0-1"]
[WhiteElo "2122"]
[BlackElo "2403"]
[PlyCount "84"]
[EventDate "2016.07.04"]
[EventType "swiss"]
[EventRounds "9"]
[EventCountry "ESP"]
[SourceTitle "EXT 2017"]
[Source "ChessBase"]
[SourceDate "2016.10.25"]
[SourceVersion "1"]
[SourceVersionDate "2016.10.25"]
[SourceQuality "1"]

1. d4 Nf6 2. Bg5 d5 3. Bxf6 exf6 4. e3 c6 5. g3 Bd6 6. Bg2 0-0 7. Ne2 Bg4 8. 0-0 h5 9. Nd2 h4 10. c4 hxg3 11. hxg3 dxc4 12. Nxc4 Bc7 13. Qc2 Nd7 14. Nf4 Qe7 15. Be4 g6 16. f3 Bxf4 17. gxf4 Be6 18. f5 Bxc4 19. Qxc4 Kg7 20. Kf2 g5 21. b4 a5 22. a3 Rh8 23. Rh1 axb4 24. Qxb4 c5 25. Qxb7 Qd6 26. Qxa8 Rxa8 27. Bxa8 cxd4 28. exd4 Qxd4+ 29. Kg2 Qb2+ 30. Kg3 Qb8+ 31. Kf2 Qxa8 32. a4 Ne5 33. Ra3 Qa5 34. Rha1 Qd2+ 35. Kg1 Nxf3+ 36. Kf1 Nh2+ 37. Kg1 Ng4 38. R3a2 Qd4+ 39. Kh1 Qe4+ 40. Kg1 Qd4+ 41. Kh1 Ne3 42. a5 Nc2 0-1